| 000 | 00570nam a2200205Ia 4500 | ||
|---|---|---|---|
| 005 | 20250508162128.0 | ||
| 008 | 008 250505s9999 xx 000 0 eng d | ||
| 020 | _a0-333-24024-1 | ||
| 037 | _aTextual | ||
| 040 |
_aFEDL _beng _cFEDL |
||
| 041 |
_aeng _2eng |
||
| 084 |
_a658, DAS _qFEDL |
||
| 100 | _aDasgupta Ajit K | ||
| 245 | 0 | _aCost-benefit analysis: Theory and practice | |
| 260 |
_aLondon, UK _bThe Macmillan Press Limited _c1978 |
||
| 300 | _a270p | ||
| 700 |
_a Pearce D W _9772381 |
||
| 942 |
_cTEXL _h658, DAS |
||
| 999 |
_c1374552 _d1374552 |
||